MDQL
is popping MORE tags! Check the
thread
!
Quizzes
Events
Quiz Creation
Community
Videos
Private Events
Remove Ads
Sign In
Join for FREE
Feedback
Dark Mode
Quiz Categories
Sports
Geography
Music
Movies
Television
Just For Fun
Miscellaneous
History
Literature
Language
Science
Gaming
Entertainment
Religion
Holiday
For Kids
Quiz Lab
Recent
Popular Today
Quiz Kudos Today
Editor Picks
Curator Picks
Quizzes by...
Day
Popularity
Type
Ratings
Length
Year
Community
Subscriptions
Recent Discussions
Orange Saloon
Badges
Playlists
Quests
Create
Leaderboards
Showdown
Live 5
Trivia Bingo
Activity
Puzzle Library
Sporcle Events
Private Events
Virtual Trivia
Globe League
Become a Host
Pub Owners
SporcleCon
Opinionation
Our Games
Videos
Blog
Mobile Apps
Partnerships
Remove Ads and Go Orange
Feedback
Sports
Athletes
MLB
NBA
NHL
NFL
Soccer
Sports Teams
WWE
NCAA
Football
Premier League
Basketball
Baseball
Hockey
Golf
Tennis
Cricket
Rugby
Auto Racing
Olympics
World Cup
Sports
Athletes
MLB
NBA
NHL
NFL
Soccer
Sports Teams
WWE
NCAA
Football
Premier League
Basketball
Baseball
Hockey
Golf
Tennis
Cricket
Rugby
Auto Racing
Olympics
World Cup
Random Quiz
Search Sporcle
×
Quiz Lab
Quiz Lab
Sports
WWE
Type in answers that appear in a list
Type in answers that appear in a list
Classic
Best Score? Go Orange.
Impact Wrestling PPV Main Events (Part II) Stats
Can you name the participants in the main events of every TNA/Impact PPV? (Excluding weekly PPV)
By
antagonjst
15m
141 Questions
581 Plays
581 Plays
581 Plays
Comments
Comments
Give Quiz Kudos
Give Quiz Kudos
-
- Ratings
hide this ad
More Info
Replay
Link that replays current quiz
Next Quiz
Link to next quiz in quiz playlist
You Got
0%
They Got
Avg Score
86%
Avg Friend Score
Upgrade to see
Score Distribution
Jump to the score distribution portion of the page
Score
0/141
Timer
15:00
0
Plays Today
Event
Wrestler
% Correct
Lockdown 2011
Lethal Lockdown
Matt Hardy
97.8%
Slammiversary 2015
King of the Mountain
Vacant TNA King of the Mountain Championship
Matt Hardy
97.8%
Bound for Glory 2015
3-
Way
TNA World Heavyweight Championship
Matt Hardy
97.8%
Genesis 2010
TNA World Heavyweight Championship
AJ Styles
97.6%
Destination X 2010
TNA World Heavyweight Championship
AJ Styles
97.6%
Lockdown 2010
Lethal Lockdown
Jeff Hardy
97.6%
Sacrifice 2010
TNA World Heavyweight Championship
AJ Styles
97.6%
Victory Road 2010
4-
Way
TNA World Heavyweight Championship
Jeff Hardy
97.6%
Bound for Glory 2010
3-
Way
Vacant TNA World Heavyweight Championship
Jeff Hardy
97.6%
Turning Point 2010
TNA World Heavyweight Championship
Jeff Hardy
97.6%
Final Resolution 2010
No Disqualification
TNA World Heavyweight Championship
Jeff Hardy
97.6%
Genesis 2011
TNA World Heavyweight Championship
Jeff Hardy
97.6%
Against All Odds 2011
Ladder
TNA World Heavyweight Championship
Jeff Hardy
97.6%
Victory Road 2011
No Disqualification
TNA World Heavyweight Championship
Jeff Hardy
97.6%
Destination X 2011
AJ Styles
97.6%
Turning Point 2011
TNA World Heavyweight Championship
AJ Styles
97.6%
Final Resolution 2011
Iron Man
TNA World Heavyweight Championship
AJ Styles
97.6%
Genesis 2012
TNA World Heavyweight Championship
Jeff Hardy
97.6%
Against All Odds 2012
4-
Way
TNA World Heavyweight Championship
Jeff Hardy
97.6%
No Surrender 2012
Bound for Glory Series Final
Jeff Hardy
97.6%
Bound for Glory 2012
TNA World Heavyweight Championship
Jeff Hardy
97.6%
Turning Point 2012
Ladder
TNA World Heavyweight Championship
Jeff Hardy
97.6%
Final Resolution 2012
TNA World Heavyweight Championship
Jeff Hardy
97.6%
Genesis 2013
3-
Way Elimination
TNA World Heavyweight Championship
Jeff Hardy
97.6%
Lockdown 2013
Steel Cage
TNA World Heavyweight Championship
Jeff Hardy
97.6%
Bound for Glory 2013
No Disqualification
TNA World Heavyweight Championship
AJ Styles
97.6%
Lockdown 2014
Lethal Lockdown
Willow
97.6%
Genesis 2010
TNA World Heavyweight Championship
Kurt Angle
96.2%
Bound for Glory 2010
3-
Way
Vacant TNA World Heavyweight Championship
Kurt Angle
96.2%
Slammiversary IX
Kurt Angle
96.2%
Hardcore Justice 2011
TNA World Heavyweight Championship
Kurt Angle
96.2%
No Surrender 2011
3-
Way
TNA World Heavyweight Championship
Kurt Angle
96.2%
Bound for Glory 2011
TNA World Heavyweight Championship
Kurt Angle
96.2%
Lockdown 2010
Lethal Lockdown
Sting
95.5%
Slammiversary VIII
TNA World Heavyweight Championship
Sting
95.5%
Victory Road 2011
No Disqualification
TNA World Heavyweight Championship
Sting
95.5%
Sacrifice 2011
TNA World Heavyweight Championship
Sting
95.5%
Hardcore Justice 2011
TNA World Heavyweight Championship
Sting
95.5%
No Surrender 2011
3-
Way
TNA World Heavyweight Championship
Sting
95.5%
Victory Road 2012
No Holds Barred
Sting
95.5%
Slammiversary 10
TNA World Heavyweight Championship
Sting
95.5%
Slammiversary XI
No Holds Barred
TNA World Heavyweight Championship
Sting
95.5%
Lockdown 2010
Lethal Lockdown
Bobby Roode
95.4%
Lockdown 2011
Lethal Lockdown
Robert Roode
95.4%
Bound for Glory 2011
TNA World Heavyweight Championship
Bobby Roode
95.2%
Turning Point 2011
TNA World Heavyweight Championship
Bobby Roode
95.2%
Final Resolution 2011
Iron Man
TNA World Heavyweight Championship
Bobby Roode
95.2%
Event
Wrestler
% Correct
Genesis 2012
TNA World Heavyweight Championship
Bobby Roode
95.2%
Against All Odds 2012
4-
Way
TNA World Heavyweight Championship
Bobby Roode
95.2%
Victory Road 2012
No Holds Barred
Bobby Roode
95.2%
Lockdown 2012
Steel Cage
TNA World Heavyweight Championship
Bobby Roode
95.2%
Sacrifice 2012
Ladder
TNA World Heavyweight Championship
Bobby Roode
95.2%
Slammiversary 10
TNA World Heavyweight Championship
Bobby Roode
95.2%
Destination X 2012
TNA World Heavyweight Championship
Bobby Roode
95.2%
Hardcore Justice 2012
TNA World Heavyweight Championship
Bobby Roode
95.2%
Final Resolution 2012
TNA World Heavyweight Championship
Bobby Roode
95.2%
Genesis 2013
3-
Way Elimination
TNA World Heavyweight Championship
Bobby Roode
95.2%
Lockdown 2014
Lethal Lockdown
Bobby Roode
95.2%
Slammiversary 2015
King of the Mountain
Vacant TNA King of the Mountain Championship
Bobby Roode
95.2%
Lockdown 2010
Lethal Lockdown
James Storm
95%
Lockdown 2011
Lethal Lockdown
James Storm
95%
Lockdown 2011
Lethal Lockdown
Bully Ray
95%
Against All Odds 2012
4-
Way
TNA World Heavyweight Championship
Bully Ray
95%
No Surrender 2012
Bound for Glory Series Final
Bully Ray
95%
Lockdown 2013
Steel Cage
TNA World Heavyweight Championship
Bully Ray
95%
Slammiversary XI
No Holds Barred
TNA World Heavyweight Championship
Bully Ray
95%
Bound for Glory 2013
No Disqualification
TNA World Heavyweight Championship
Bully Ray
95%
Against All Odds 2012
4-
Way
TNA World Heavyweight Championship
James Storm
94.8%
Lockdown 2012
Steel Cage
TNA World Heavyweight Championship
James Storm
94.8%
Bound for Glory 2014
Tag Team
James Storm
94.8%
Redemption 2018
3-
Way
Impact World Championship
Austin Aries
94.3%
Slammiversary XVI
Impact World Championship
Austin Aries
93.8%
Slammiversary XII
3-
Way Steel Cage
TNA World Heavyweight Championship
Bobby Lashley
93.6%
Slammiversary 2016
Submission or KO Only
TNA World Heavyweight Championship
Lashley
93.6%
Bound for Glory 2016
TNA World Heavyweight Championship
Lashley
93.6%
Slammiversary XV
Impact World Championship & GFW Global Championship
Lashley
93.6%
Bound for Glory 2018
Impact World Championship
Austin Aries
93.4%
Destination X 2012
TNA World Heavyweight Championship
Austin Aries
92.3%
Hardcore Justice 2012
TNA World Heavyweight Championship
Austin Aries
92.3%
Bound for Glory 2012
TNA World Heavyweight Championship
Austin Aries
92.3%
Turning Point 2012
Ladder
TNA World Heavyweight Championship
Austin Aries
92.3%
Genesis 2013
3-
Way Elimination
TNA World Heavyweight Championship
Austin Aries
92.3%
Lockdown 2014
Lethal Lockdown
Austin Aries
92.3%
Slammiversary XII
3-
Way Steel Cage
TNA World Heavyweight Championship
Austin Aries
92.3%
Bound for Glory 2015
3-
Way
TNA World Heavyweight Championship
Ethan Carter III
89.8%
Bound for Glory 2016
TNA World Heavyweight Championship
Ethan Carter III
89.8%
Destination X 2010
TNA World Heavyweight Championship
Abyss
89.3%
Lockdown 2010
Lethal Lockdown
Abyss
89.3%
Victory Road 2010
4-
Way
TNA World Heavyweight Championship
Abyss
89.3%
Lockdown 2011
Lethal Lockdown
Christopher Daniels
89.3%
Lockdown 2011
Lethal Lockdown
Abyss
89.3%
Destination X 2011
Christopher Daniels
89.3%
Lockdown 2010
Lethal Lockdown
Jeff Jarrett
89.2%
Slammiversary IX
Jeff Jarrett
89.2%
Event
Wrestler
% Correct
Slammiversary 2015
King of the Mountain
Vacant TNA King of the Mountain Championship
Jeff Jarrett
89.2%
Homecoming 2019
Impact World Championship
Johnny Impact
88%
Bound for Glory 2018
Impact World Championship
Johnny Impact
88%
Lockdown 2010
Lethal Lockdown
Rob Van Dam
86.9%
Sacrifice 2010
TNA World Heavyweight Championship
Rob Van Dam
86.9%
Slammiversary VIII
TNA World Heavyweight Championship
Rob Van Dam
86.9%
Victory Road 2010
4-
Way
TNA World Heavyweight Championship
Rob Van Dam
86.9%
Hardcore Justice 2010
Hardcore
Rob Van Dam
86.9%
Sacrifice 2011
TNA World Heavyweight Championship
Rob Van Dam
86.9%
Sacrifice 2012
Ladder
TNA World Heavyweight Championship
Rob Van Dam
86.9%
Sacrifice 2014
TNA World Heavyweight Championship
Eric Young
86.9%
Slammiversary XII
3-
Way Steel Cage
TNA World Heavyweight Championship
Eric Young
86.9%
Against All Odds 2010
8 Card Stud Finals
Mr. Anderson
86.4%
Victory Road 2010
4-
Way
TNA World Heavyweight Championship
Mr. Anderson
86.4%
No Surrender 2010
Mr. Anderson
86.4%
Bound for Glory 2010
3-
Way
Vacant TNA World Heavyweight Championship
Mr. Anderson
86.4%
Genesis 2011
TNA World Heavyweight Championship
Mr. Anderson
86.4%
Against All Odds 2011
Ladder
TNA World Heavyweight Championship
Mr. Anderson
86.4%
No Surrender 2011
3-
Way
TNA World Heavyweight Championship
Mr. Anderson
86.4%
Bound for Glory 2017
Impact Global Championship
Johnny Impact
86.2%
Homecoming 2019
Impact World Championship
Brian Cage
83.7%
Slammiversary 2015
King of the Mountain
Vacant TNA King of the Mountain Championship
Drew Galloway
82.3%
Bound for Glory 2015
3-
Way
TNA World Heavyweight Championship
Drew Galloway
82.3%
Slammiversary 2016
Submission or KO Only
TNA World Heavyweight Championship
Drew Galloway
82.3%
Lockdown 2011
Lethal Lockdown
Kazarian
80.7%
Sacrifice 2014
TNA World Heavyweight Championship
Magnus
79.7%
Slammiversary 2015
King of the Mountain
Vacant TNA King of the Mountain Championship
Eric Young
79%
Lockdown 2014
Lethal Lockdown
Eddie Edwards
77.5%
Redemption 2018
3-
Way
Impact World Championship
Pentagón, Jr.
76.8%
Lockdown 2011
Lethal Lockdown
Ric Flair
74%
Lockdown 2014
Lethal Lockdown
Davey Richards
74%
Slammiversary XV
Impact World Championship & GFW Global Championship
Alberto el Patron
74%
Slammiversary XVI
Impact World Championship
Moose
73.1%
Bound for Glory 2017
Impact Global Championship
Eli Drake
72.8%
Turning Point 2010
TNA World Heavyweight Championship
Matt Morgan
72.6%
Final Resolution 2010
No Disqualification
TNA World Heavyweight Championship
Matt Morgan
72.6%
Redemption 2018
3-
Way
Impact World Championship
Rey Fenix
68.6%
Hardcore Justice 2010
Hardcore
Sabu
64.9%
Lockdown 2014
Lethal Lockdown
MVP
61.3%
Against All Odds 2010
8 Card Stud Finals
D'Angelo Dinero
60.8%
No Surrender 2010
D'Angelo Dinero
60.8%
Lockdown 2010
Lethal Lockdown
Desmond Wolfe
59.6%
Bound for Glory 2014
Tag Team
The Great Sanada
57.7%
Bound for Glory 2014
Tag Team
The Great Muta
52.2%
Bound for Glory 2014
Tag Team
Yoshihiro Tajiri
51.6%
Lockdown 2014
Lethal Lockdown
Robbie E
44.9%
Lockdown 2014
Lethal Lockdown
Jessie Godderz
41.3%
Quiz Playlist
Details
Report
Send in Message
Add To Playlist
More Info:
Pre-Shows not included.
Classic:
Type in answers that appear in a list
Last Updated: Jun 13, 2017
Quiz Scoreboard
CHALLENGE
Sign Up to Join the Scoreboard
Show All
Scores
Hide
Comments
May contain spoilers
Recently Published
Colored Red Africa Blitz
by spor1
Geography
30s
Find the 'City' Movie
by crazypaving
Movies
60s
5x2 Blitz: Bands
by SL_Kpop136
Music
30s
More to Explore
Quiz From the Vault
Featured Blog Post
14 Easter Pick-up Lines to Find Eggs With
hide this ad
You Might Also Like...
Tags
WWE Quiz
impact
PPV
Pro Wrestling
tna
TNA Wrestling
Wrestling
Today's Top Quizzes in Sports
Browse Sports
hide this ad
Today's Top Quizzes in WWE
Browse WWE
Top Contributed Quizzes in Sports
1
Les entraîneurs de l'OM et du PSG au 21e siècle
2
Les meilleurs buteurs des matchs entre le PSG et l’OM
3
Les joueurs passés par le PSG et l'OM
4
Players with Multiple 50 Home Run Seasons
5
2022 World Cup Stars
6
Criteria MLB: Left Handed Sluggers
7
NBA Logic Puzzle 2.0
8
MLB Players with Two .350 Batting Average Seasons
9
Top 10 NHL Goal Scorers of All Time
10
Les joueurs passés par le LOSC et le RC Lens
Explore More
Trending Topics
Kpop
Crossword
Marvel
Disney
Harry Potter
Anime
NBA
Soccer
Country
NFL
Song
Pokémon
The Office
WWE
Puzzle
hide this ad
More By:
antagonjst
Quiz
Plays
Rating
Category
Featured
Created
4.5+ Star WWE Matches, Part 1
25,278
4.77
Sports
Jul 3, 2016
Pro Wrestling Flagship PPV Main Events
8,066
5.00
Sports
Sep 11, 2016
Ultimate WWE Accomplishment Quiz
7,484
4.97
Sports
Aug 1, 2016
4.5+ Star WWE Matches, Part 2
5,459
5.00
Sports
Mar 4, 2018
10 Years of WWE Championship Defences
5,442
4.75
Sports
Aug 2, 2016
Go to Creator's Profile
Score Distribution
Quiz Creator Spotlight
antagonjst
Follow
Send a Message
Quizzes Created
-
Created Quiz Play Count
-
More By This Creator
Popular Quizzes Today
1
Colored Red Africa Blitz
2
Find the 'City' Movie
3
5x2 Blitz: Bands
4
Find the US States - No Outlines Minefield
5
The Countries of the World
6
Find the US States
7
US States
8
Find the Countries of Europe - No Outlines Minefield
More Sports Quizzes
NBA 2020 Skills Challenge Participants
Quiz Lab
Trending Quizzes
Colored Red Europe Blitz I
Colored Red Europe Blitz II
Colored Red Africa Blitz II
Colored Red Europe Blitz III
Colored Red Africa Blitz III
Recently Updated
How Do You Spell That?
pecheneg
Godzilla Movies
pecheneg
Grab Bag: 4-10 Letters
pecheneg
2024 March Madness Bracket
pecheneg
Famous TV Couples
Peacemaker
Champions League XIs: Real Madrid
pecheneg
Largest US Cities 1790-2010
pecheneg
Rides in Walt Disney World
pecheneg
Most Oscar Losses (Acting)
pecheneg
Beyoncé Albums
pecheneg
Trending Topics
Disney
Harry Potter
Kpop
Crossword
NBA
Anime
Marvel
Soccer
The Office
NFL
WWE
Country
Song
Pokémon
Puzzle
Your Account Isn't Verified!
In order to create a playlist on Sporcle, you need to verify the email address you used during registration. Go to your
Sporcle Settings
to finish the process.
Report this User
Report this user for behavior that violates our
Community Guidelines
.
Details:
Send Report
Go to the Sporcle.com Mobile Site →
Comments